000 nam a22 a 4500
999 _c168399
_d168399
003 BLK
005 20220805141019.0
008 180411b bul|||||r ||||||| ||bul||
010 _aKNG00176293000
040 _aBLK
041 _aBUL
_cBUL
080 _aРуска литература
_b821.161.1
_x-31
_z821.161.1-31
100 1 _aКамбулов, Николай
_eпърви автор
_975607
139 _aКамбулов, Николай
_bК 22
245 1 0 _aРакетен гръм
_bРоман
_cНиколай Камбулов; прев. от рус. Манол Наков.
257 _aSUN
260 _bДърж. воен. изд.
_c1973
_aСофия
300 _a263 с.
_c21 см
380 _aX
700 1 _aНаков, Манол
_eпрев. от рус.
_9377080
852 _aЦб 69295
856 4 _qpdf
856 4 _qpdf
942 _cKNG
_n0
_s1
944 _aCR
_c03.06.2015
_kНаталия_Любомирова
944 _aED
_c08.09.2017
_kРенета_Константинова
999 _d168399
999 _d168399